000 00622nam a22001697a 4500
005 20251108171006.0
008 250721s1996 xx 000 0 ara d
082 1 4 _a350/زوي
100 1 _aزويلف، مهدي حسن
245 1 0 _aحالات وبحث في الإدارة بين النظرية والتطبيق /
264 1 _aعمان :
_bدار مجدلاوي،
_c1996.
300 _a149ص
500 _aكتاب أبو علندا الذي يحمل رقم باركود pld00072879 له رقم متسلسل وهو 423 وهو مكرر
650 1 7 _aافدارة العامة
942 _2ddc
_cBK
999 _c53857
_d53857